LEADER 00920nam a2200217 i 4500 001 000000251883 003 CaOOAMICUS 005 20161206000000.0 008 161206s1836 xx u000 u fre u 013 $a230788 040 $aSeMil$bita 100 1 $aSismondi, Jean Charles Léonard Simonde : de,$d<1773-1842>.$0(OLS)http://semarc/name/11681 245 10$aÉtudes sur les constitutions des peuples libres /$cpar J. C. L. Simonde de Sismondi. 260 $aBruxelles :$bH. Dumont,$c1836. 300 $aiii, 311 p. ;$c26 cm. 650 4$aCostituzioni politiche.$0(OLS)http://semarc/subject/5223 850 $aSeMil 852 $aSeMil$W1$xVenegono$y1$m3M IV 56 FA$j202229$B202229$CSeMilBibl$Z2$F214907 $8I 961 $aRecupero: Mantegazza 996 $6245$aÉtudes sur les constitutions des peuples libres$9(OLS)http://semarc/title/354005 996 $6260$aBruxelles :$bH. Dumont$9(OLS)http://semarc/publisher/55472 LEADER 00973nas a2200193 i 4500 001 000000014105 003 CaOOAMICUS 005 20180830125442.0 008 180830s1913 it uu u0 0ita r 040 $aSeMil$bita 245 10$aLacerba :$bperiodico quindicinale. 260 $aFirenze :$bTipografia di A. Vallecchi e C.,$c1913-1915. 300 $a35 cm. 500 $aDal 1915 (Anno 3.) la periodicità varia in : Settimanale. 500 $aConsistenza: Ed. anastatica : A. 1., n. 1 (1 gennaio 1913)-A. 3., n. 21 [i.e. 22] (22 maggio 1915) 774 0 $aDe Grada, Raffaele <1916-2010>$tIntroduzione a Lacerba.$d[Milano] : Gabriele Mazzotta, copyr. 1970.$w()167144 774 0 $tLacerba.$dFirenze : Tipografia di A. Vallecchi e C., stampa 1970.$bRiproduzione anastatica conforme all'originale.$w()167767 996 $6245$aLacerba :$bperiodico quindicinale$9(OLS)http://semarc/title/18730 996 $6260$aFirenze :$bTipografia di A. Vallecchi e C.$9(OLS)http://semarc/publisher/33817